000 01521nam a22003017a 4500
005 20110630114050.0
010 _aENG-102771 B-456936-938
020 _c200.00
_a9788174467645
035 _aEN-86304 B-456936-938
037 _bDBAD / PUB
037 _bK.K.Pub/Ven
082 _a658.3124
100 _aBhatia, Kanchan
_951411
245 _aManpower development for technological change /
_cby Kanchan Bhatia [and] Shweta Mittal
260 _bExcel Books
_c2011
_aNew Delhi
270 _aA-45, Naraina, Phase-I
_bNew Delhi
_e110028
300 _a260p.
_c24cm (pbk)
500 _aIncludes index
700 _928520
_aMittal,Shweta
700 _929125
710 _928535
942 _2ddc
_cEN
_mBHA
_h658.3124
999 _c53552
_d53552